| 000 | 00563nam a2200193 a 4500 | ||
|---|---|---|---|
| 001 | 1720 | ||
| 005 | 20140414131851.0 | ||
| 008 | 001115s19uu xx 00 eng d | ||
| 020 | _a0-8136-2856-3 | ||
| 050 |
_aM 613 _bJ17 1992 |
||
| 100 | _aJones, Anne G. | ||
| 245 |
_aYour skin / _cwritten by Ann G. Jones. |
||
| 260 |
_aCleveland, Ohio : _bCurriculum Press, _c1992. |
||
| 300 | _a16 p. ; col. ; ill. ; cm. | ||
| 440 | _aConcept health | ||
| 650 |
_aHealth _xJuvenile literature. |
||
| 650 |
_aSkin care and hygiene _xJuvenile literature. |
||
| 999 |
_c110214 _d110214 |
||